00504nam a22001457a 450000500170000002000180001703700080003510000170004324500580006026000310011827000980014930000280024749000670027570000160034220120105101156.0 a9788128624070 bPUB aLarry, H.I.  aHigh risk /cby H.I. Larry; illustrated by Andy Hook  aMumbai bEuro Books c2010 aDani Corporat e Park, First Floor, 158, Vidyanagari Marg, Kalina, SantacruzbMumbaie400098 a91p. bill.c20cm(pbk)  aZac power:v24 hours to save the world...and visit his granny  a Hook, Andy